ī-Konjugation: Präsens, Imperfekt und Perfekt Indikativ Aktiv - Statistiken

Allgemein
  • Dieses Quiz wurde 10 mal gespielt
  • Das Durchschnittsergebnis liegt bei 16 aus 22
Antwortstatistiken
Group Hint Antwort % Korrekt
Präsens 1. Pl. audīmus
100%
Präsens 1. Sg. audiō
100%
Präsens 2. Sg. audīs
100%
Präsens 3. Sg. audit
100%
Präsens 2. Pl. audītis
100%
Präsens 3. Pl. audiunt
80%
Perfekt 1. Sg. Perf. Ind. Akt. audīvī
80%
Imperative Imp. Sg. Präs. Akt. audī
70%
Infinitive Inf. Präs. Akt. audīre
70%
Perfekt 1. Pl. Perf. Ind. Akt. audīvimus
70%
Perfekt 2. Sg. Perf. Ind. Akt. audīvistī
70%
Perfekt 3. Sg. Perf. Ind. Akt. audīvit
70%
Imperfekt 1. Sg. Impf. Ind. Akt. audiēbam
60%
Imperfekt 1. Pl. Impf. Ind. Akt. audiēbāmus
60%
Imperfekt 3. Pl. Impf. Ind. Akt. audiēbant
60%
Imperfekt 2. Sg. Impf. Ind. Akt. audiēbās
60%
Imperfekt 3. Sg. Impf. Ind. Akt. audiēbat
60%
Imperfekt 2. Pl. Impf. Ind. Akt. audiēbātis
60%
Imperative Imp. Pl. Präs. Akt. audīte
60%
Perfekt 3. Pl. Perf. Ind. Akt. audīvērunt
60%
Infinitive Inf. Perf. Akt. audīvisse
60%
Perfekt 2. Pl. Perf. Ind. Akt. audīvistis
60%
Keine übereinstimmenden Quizze gefunden
Verteilung der Resultate
Anzahl Personen mit jedem Resultat
Perzentil nach korrekt beantworteten Fragen
Ihre Resultats-Entwicklung
Sie haben dieses Quiz noch nicht gespielt